Teman bidadari (Record no. 118879)

MARC details
000 -LEADER
fixed length control field 00833nam a2200301 i 4500
001 - CONTROL NUMBER
control field C2-0317891
003 - CONTROL NUMBER IDENTIFIER
control field PPAK
005 - DATE AND TIME OF LATEST TRANSACTION
control field 20180728113932.0
008 - FIXED-LENGTH DATA ELEMENTS--GENERAL INFORMATION
fixed length control field 121003s2010 my a|||| ||||| | may d
020 ## - INTERNATIONAL STANDARD BOOK NUMBER
International Standard Book Number 9789675370076
040 ## - CATALOGING SOURCE
Original cataloging agency PPAK
Language of cataloging eng
Transcribing agency PPAK
Description conventions rda
082 04 - DEWEY DECIMAL CLASSIFICATION NUMBER
Classification number 297.61
Edition number 23
090 00 - LOCALLY ASSIGNED LC-TYPE CALL NUMBER (OCLC); LOCAL CALL NUMBER (RLIN)
Classification number (OCLC) (R) ; Classification number, CALL (RLIN) (NR) 297.61
Feature heading HAR
Feature heading G
100 0# - MAIN ENTRY--PERSONAL NAME
Personal name Harun Arrasyid Hj. Tuskan,
Relator term author
245 10 - TITLE STATEMENT
Title Teman bidadari
264 #1 - PRODUCTION, PUBLICATION, DISTRIBUTION, MANUFACTURE, AND COPYRIGHT NOTICE
Place of production, publication, distribution, manufacture Kuala Lumpur :
Name of producer, publisher, distributor, manufacturer Yamani Angle ,
Date of production, publication, distribution, manufacture, or copyright notice 2010
300 ## - PHYSICAL DESCRIPTION
Extent xiii, 304 pages :
Other physical details illustrations ;
Dimensions 23 cm.
336 ## - CONTENT TYPE
Source rdacontent
Content type term text
337 ## - MEDIA TYPE
Source rdamedia
Media type term unmediated
338 ## - CARRIER TYPE
Source rdacarrier
Carrier type term volume
490 1# - SERIES STATEMENT
Series statement Siri 100 pahlawan syurga
500 ## - GENERAL NOTE
General note Jilid 3
650 10 - SUBJECT ADDED ENTRY--TOPICAL TERM
Topical term or geographic name entry element Scholars, Muslim.
700 ## - ADDED ENTRY--PERSONAL NAME
Relator term author
Personal name Idrus Jamhari,
Relator term editor
830 #0 - SERIES ADDED ENTRY--UNIFORM TITLE
Uniform title Siri 100 pahlawan syurga
942 ## - ADDED ENTRY ELEMENTS (KOHA)
-- dc
Koha item type Book
Holdings
Withdrawn Not for loan Current library Shelving location Date acquired Full call number Barcode Date last seen Koha item type Total Checkouts Date last checked out
    Perpustakaan Alor Setar Pinjaman Dewasa 18/10/2012 297.61 HAR A01389470 09/05/2018 Book    
    Perpustakaan Alor Setar Pinjaman Dewasa 18/10/2012 297.61 HAR A01389471 10/11/2022 Book 2 23/10/2022
    Perpustakaan Awam Sungai Petani Pinjaman Dewasa 18/10/2012 297.61 HAR A01389472 16/11/2024 Book 1 26/10/2024
    Perpustakaan Jitra Pinjaman Dewasa 18/10/2012 297.61 HAR A01389473 21/09/2020 Book 1 01/09/2020
    Perpustakaan Kulim Pinjaman Dewasa 18/10/2012 297.61 HAR A01389474 30/10/2021 Book 1 14/04/2021